[Event "Olympiad Women-43"]
[Site "Batumi"]
[Date "2018.09.30"]
[Round "6.37"]
[White "Lahav, Michal"]
[Black "Gabriel, Irineia G"]
[Result "1-0"]
[WhiteElo "2151"]
[BlackElo "1652"]
[PlyCount "53"]
[EventDate "2018.09.24"]
[EventType "team-swiss"]
[EventRounds "11"]
[EventCountry "GEO"]
[SourceTitle "EXT 2020"]
[Source "ChessBase"]
[SourceDate "2019.10.17"]
[SourceVersion "1"]
[SourceVersionDate "2019.10.17"]
[SourceQuality "1"]
[WhiteTeam "Israel (W)"]
[BlackTeam "Angola (W)"]
[WhiteTeamCountry "ISR"]
[BlackTeamCountry "ANG"]

1. e4 g6 2. d4 Bg7 3. Nc3 d6 4. g3 Nd7 5. Bg2 a6 6. a4 e5 7. Nge2 Ne7 8. Be3 0-0 9. Qd2 Nb6 10. b3 c6 11. Rd1 Qc7 12. 0-0 a5 13. h3 f5 14. dxe5 dxe5 15. Bc5 Be6 16. Qd6 Qxd6 17. Rxd6 Nbc8 18. Rxe6 Kf7 19. Bxe7 Kxe6 20. Bxf8 Bxf8 21. f4 Bc5+ 22. Kh2 Nd6 23. fxe5 Kxe5 24. exf5 Nxf5 25. Nf4 Ne3 26. Nd3+ Kd6 27. Ne4+ 1-0

[Event "Olympiad Women-43"]
[Site "Batumi"]
[Date "2018.09.24"]
[Round "1.23"]
[White "Gabriel, Irineia G"]
[Black "Okuyaz, Duru"]
[Result "0-1"]
[WhiteElo "1652"]
[BlackElo "2108"]
[PlyCount "108"]
[EventDate "2018.09.24"]
[EventType "team-swiss"]
[EventRounds "11"]
[EventCountry "GEO"]
[SourceTitle "EXT 2020"]
[Source "ChessBase"]
[SourceDate "2019.10.17"]
[SourceVersion "1"]
[SourceVersionDate "2019.10.17"]
[SourceQuality "1"]
[WhiteTeam "Angola (W)"]
[BlackTeam "Turkey (W)"]
[WhiteTeamCountry "ANG"]
[BlackTeamCountry "TUR"]

1. e4 e6 2. d4 d5 3. Nd2 a6 4. c3 c5 5. Bd3 Nc6 6. Ne2 cxd4 7. cxd4 dxe4 8. Nxe4 Bb4+ 9. N4c3 Nf6 10. h3 0-0 11. Bc2 b5 12. 0-0 Bb7 13. a3 Bxc3 14. bxc3 Na5 15. f3 Qd5 16. Bf4 Nc4 17. Qe1 Nh5 18. Qh4 g6 19. Bh6 Rfc8 20. g4 Ng7 21. Be4 Qd7 22. Ng3 Nd6 23. Bxb7 Qxb7 24. Bf4 Nge8 25. Ne2 Rc4 26. Qg3 Nc8 27. h4 Ne7 28. h5 Nd5 29. Bd2 Rac8 30. hxg6 hxg6 31. Rf2 a5 32. Rh2 f6 33. Kf2 Ng7 34. Rah1 Kf7 35. Rh7 Rg8 36. Qh3 g5 37. Qh5+ Kf8 38. Qh6 b4 39. axb4 axb4 40. cxb4 Rc2 41. Rd1 Qb5 42. Qg6 Qxe2+ 43. Kxe2 Nf4+ 44. Ke1 Nxg6 45. Rh1 Kf7 46. Rb1 Nf4 47. Kd1 Rc4 48. b5 Rxd4 49. b6 Rb8 50. Ke1 Rd6 51. Be3 Ng2+ 52. Ke2 Nxe3 53. Kxe3 Rdxb6 54. Ra1 Rb2 0-1

[Event "Port Louis zt 4.3 (Women)"]
[Site "Port Louis"]
[Date "2016.04.27"]
[Round "5"]
[White "Gabriel, Irineia G"]
[Black "Laubscher, Anzel"]
[Result "0-1"]
[WhiteElo "1694"]
[BlackElo "1851"]
[PlyCount "60"]
[EventDate "2016.04.24"]
[EventType "tourn"]
[EventRounds "9"]
[EventCountry "MRI"]
[SourceTitle "CBM 172 Extra"]
[Source "ChessBase"]
[SourceDate "2016.06.21"]
[SourceVersion "1"]
[SourceVersionDate "2016.06.21"]
[SourceQuality "1"]

1. Nf3 Nf6 2. c4 d6 3. d4 c6 4. Nc3 Nbd7 5. e4 e5 6. Bd3 Be7 7. 0-0 0-0 8. h3 Qc7 9. Be3 Re8 10. Nh2 Nf8 11. f4 exf4 12. Rxf4 Ng6 13. Rf1 a6 14. Rc1 Be6 15. Nf3 Rad8 16. Qe1 Bc8 17. Qf2 h6 18. e5 Nh5 19. Bxg6 fxg6 20. g4 Rf8 21. gxh5 Bxh3 22. hxg6 Bxf1 23. Rxf1 dxe5 24. dxe5 Qd7 25. Ne4 Qg4+ 26. Ng3 Bh4 27. Kh2 Rd3 28. e6 Bxg3+ 29. Qxg3 Qxg3+ 30. Kxg3 Rxe3 0-1

[Event "Port Louis zt 4.3 (Women)"]
[Site "Port Louis"]
[Date "2016.04.27"]
[Round "6"]
[White "Onkemetse, Francis"]
[Black "Gabriel, Irineia G"]
[Result "1-0"]
[WhiteElo "1804"]
[BlackElo "1694"]
[PlyCount "129"]
[EventDate "2016.04.24"]
[EventType "tourn"]
[EventRounds "9"]
[EventCountry "MRI"]
[SourceTitle "CBM 172 Extra"]
[Source "ChessBase"]
[SourceDate "2016.06.21"]
[SourceVersion "1"]
[SourceVersionDate "2016.06.21"]
[SourceQuality "1"]

1. e4 e6 2. d3 d5 3. Nd2 Nf6 4. g3 dxe4 5. dxe4 b6 6. Bg2 Bb7 7. Ne2 Nbd7 8. 0-0 Ne5 9. b3 Bc5 10. Bb2 Neg4 11. Nf4 h5 12. h4 Nxf2 13. Rxf2 Ng4 14. Nd3 Nxf2 15. Nxf2 f6 16. Qe2 Qd7 17. Kh2 Bxf2 18. Qxf2 Rd8 19. Nf1 c5 20. Re1 e5 21. Bh3 Qe7 22. Qe2 Bc6 23. a3 Bd7 24. Bg2 Bg4 25. Qf2 Be6 26. Ne3 0-0 27. Nf5 Bxf5 28. Qxf5 Qf7 29. Bc1 g6 30. Qf3 Qd7 31. Qe3 Qg7 32. Bf1 Rd6 33. Bc4+ Kh8 34. Rf1 Rfd8 35. Qf3 R8d7 36. Bd5 Rd8 37. c4 a5 38. Bd2 R8d7 39. Rg1 Qf8 40. Qe3 Rh7 41. b4 Qc8 42. bxa5 bxa5 43. Bxa5 Ra6 44. Be1 Qe8 45. Rf1 Rha7 46. Bf2 Rc7 47. Qb3 Rd6 48. Qb5 Rd8 49. a4 Rb8 50. Qa6 Qe7 51. Qa5 Kg7 52. Qd2 Rcc8 53. a5 Rb4 54. a6 Ra4 55. Bb7 Rd8 56. Qc2 Ra3 57. Qb2 Rdd3 58. Qb6 Rdb3 59. Qxc5 Qxc5 60. Bxc5 Ra2+ 61. Rf2 Ra1 62. Rd2 g5 63. Bf2 gxh4 64. gxh4 Raa3 65. c5 1-0

[Event "Port Louis zt 4.3 (Women)"]
[Site "Port Louis"]
[Date "2016.04.26"]
[Round "4"]
[White "February, Jesse Nikki"]
[Black "Gabriel, Irineia G"]
[Result "1-0"]
[WhiteElo "1891"]
[BlackElo "1694"]
[PlyCount "73"]
[EventDate "2016.04.24"]
[EventType "tourn"]
[EventRounds "9"]
[EventCountry "MRI"]
[SourceTitle "CBM 172 Extra"]
[Source "ChessBase"]
[SourceDate "2016.06.21"]
[SourceVersion "1"]
[SourceVersionDate "2016.06.21"]
[SourceQuality "1"]

1. Nf3 Nf6 2. d4 d5 3. e3 e6 4. Bd3 Nbd7 5. Nbd2 Be7 6. b3 c5 7. Bb2 Qc7 8. Ne5 Nxe5 9. dxe5 Nd7 10. f4 b6 11. Qg4 g6 12. 0-0 h5 13. Qh3 Bb7 14. c4 0-0-0 15. cxd5 exd5 16. e6 Nf6 17. exf7+ Kb8 18. Be5 Rd6 19. Bxg6 Ng4 20. Bxh8 Rxg6 21. Qxh5 Qc6 22. Be5+ Ka8 23. Qh8+ Bc8 24. Rf3 Rh6 25. f8Q Bxf8 26. Qxf8 Rxh2 27. Qd6 Qb7 28. Rg3 Rh6 29. Qc7 Qxc7 30. Bxc7 Kb7 31. Bd8 d4 32. exd4 cxd4 33. Rc1 Rh7 34. Nc4 Kb8 35. Nd6 Ba6 36. Rxg4 Rd7 37. Rg8 1-0

[Event "Olympiad Women-40"]
[Site "Istanbul"]
[Date "2012.09.07"]
[Round "10.2"]
[White "Gabriel, Irineia G"]
[Black "Gray, Krishna"]
[Result "0-1"]
[WhiteElo "1492"]
[BlackElo "1728"]
[PlyCount "78"]
[EventDate "2012.08.28"]
[EventType "team-swiss"]
[EventRounds "11"]
[EventCountry "TUR"]
[SourceTitle "CBM 150 Extra"]
[Source "ChessBase"]
[SourceDate "2012.10.19"]
[SourceVersion "1"]
[SourceVersionDate "2012.10.19"]
[SourceQuality "1"]
[WhiteTeam "Angola (W)"]
[BlackTeam "Jamaica (W)"]
[WhiteTeamCountry "ANG"]
[BlackTeamCountry "JAM"]

1. e4 e6 2. d4 d5 3. e5 c5 4. c3 Nc6 5. Nf3 Qb6 6. a3 Nh6 7. b4 cxd4 8. cxd4 Bd7 9. Nc3 Rc8 10. Na4 Qc7 11. Bd3 Nf5 12. Bxf5 exf5 13. 0-0 b6 14. Be3 h6 15. h4 Be7 16. Nc3 Be6 17. Nb5 Qd8 18. Qa4 Bd7 19. Qb3 Be6 20. Bf4 0-0 21. g3 Kh7 22. Qd3 Rg8 23. Kg2 g5 24. hxg5 hxg5 25. Be3 Kg7 26. Rh1 Kf8 27. Rh7 f4 28. Bd2 Qd7 29. Rah1 Bf5 30. Qe2 Bxh7 31. Rxh7 Qf5 32. Rh6 g4 33. Bxf4 gxf3+ 34. Qxf3 Qe4 35. Qxe4 dxe4 36. Nc3 Nxd4 37. Nxe4 Nf5 38. Rh5 Ng7 39. Nf6 Bxf6 0-1